Wszystkie gminy w powiecie kwidzyńskim - Statystyki

Ogólne statystyki
  • Ten quiz został rozwiązany 15 razy
  • Średni wynik to 8 z 8
Statystyki odpowiedzi
Gmina Odpowiedź % Poprawnych
Gmina Miejska Kwidzyn
100%
Gmina Wiejska Kwidzyn
100%
Gmina Miejsko-Wiejska Prabuty
100%
Miasto Prabuty
100%
Obszar Wiejski Prabuty
100%
Gmina Wiejska Gardeja
92%
Gmina Wiejska Sadlinki
92%
Gmina Wiejska Ryjewo
75%
Nie znaleziono quizów pasujących do podanych kryteriów
Rozkład punktacji
Procent ludzi z każdym wynikiem
Percentyl według liczby udzielonych odpowiedzi
Twoja historia wyników
Nie rozwiązałeś tego quizu